00349nam a2200109 4500082001500000100001700015245005100032260004600083300000800129490005300137650004900190 a547.23 SAU aSaunders,B.C aPeroxidase:action and use in organic synthesis aLondonbRoyal Institue of Chemistryc1957 a27p aLecture Series 1957amonographs and reports No.1 aperoxidaseaorganic synthesisalecture notes